• 首页
  • 本馆介绍
  • 公告通知
  • 最新文献
  • 馆藏检索
  • 电子资源
  • 读者导购
  • 参考咨询
  • 我的图书馆
  • 登录
  • 详细信息显示
  • 放入我的书架
  • 预约/预借图书
  • 作者相关作品
  • 分类相关作品
  • 丛书相关作品
  • 出版社相关作品

书目信息

  • 表格格式
  • 工作单格式
  • 卡片格式
题名:
涂料使用技术
    
 
作者: ;甘肃油漆厂涂料工业研究所 主编
分册: 第二分册   涂料施工
出版信息: 北京   燃料化工工业出版社  1973.08
页数: 302页
开本: 20cm
丛书名:
单 册:
中图分类: TQ639
科图分类:
主题词: 涂漆
电子资源:
ISBN:
000 00707nam0 2200205 450
001 0660482305
005 20060815165012.93
010    @dCNY0.78
091    @a15063.内546(化-114)
100    @a20060815d1973 km y0chiy0120 ea
101 0  @achi
200 1  @a涂料使用技术@Atu liao shi yong ji shu@i涂料施工@h第二分册@f甘肃油漆厂涂料工业研究所 主编@Fgan su you qi chang tu liao gong ye yan jiu suo zhu bian
210    @a北京@c燃料化工工业出版社@d1973.08
215    @a302页@d20cm
517 1  @a涂料施工@Atu liao shi gong
606 0  @a涂漆
690    @aTQ639@v3
711  0 @a甘肃油漆厂涂料工业研究所@Agan su you qi chang tu liao gong ye yan jiu suo@4主编
801  0 @aCN@bPFT@c20060815
905    @a10447@dTQ639@e18:2
    
    涂料使用技术.涂料施工.第二分册/甘肃油漆厂涂料工业研究所 主编.-北京:燃料化工工业出版社,1973.08
    302页;20cm
    
    
    ISBN :CNY0.78
    
●
相关链接 在E读中查询图书 在五车中查询图书 在当当中查询图书 在豆瓣中查询图书


正题名:涂料使用技术     索取号:TQ639/18:2         预约/预借

序号 登录号 条形码 馆藏地/架位号 状态 备注
1 0458588   204585886   密集书库/ [索取号:TQ639/18:2] 在馆    
唐山师范学院图书馆 欢迎您!
大连网信软件有限公司© 版权所有